| 000 | 01556cam a2200397 i 4500 | ||
|---|---|---|---|
| 001 | 12895 | ||
| 003 | BD-RjUL | ||
| 005 | 20211208235355.0 | ||
| 008 | 140129s1976 nyua b 101 0 eng | ||
| 020 | _a0890040435 | ||
| 035 | _a(BD-RjUL)12945 | ||
| 040 |
_aDLC _cDLC _dDLC _dBD-RjUL _beng |
||
| 041 | _aeng | ||
| 082 | 0 | 0 |
_a599.0188 _bGAB 1976 |
| 245 | 0 | 0 |
_aGABA in nervous system function / _ceditors, Eugene Roberts, Thomas N. Chase, Donald B. Tower. |
| 260 |
_aNew York : _bRaven Press, _cc1976. |
||
| 300 |
_axv, 554 p. : _bill. ; _c25 cm. |
||
| 490 | 1 | _aKroc Foundation series ; v. 5 | |
| 500 | _aA workshop sponsored by the City of Hope Medical Center, National Institute of Neurological and Communicative Disorders and Stroke, and Kroc Foundation, Feb. 1975. | ||
| 504 | _aIncludes bibliographical references and index. | ||
| 650 | 0 |
_aGABA _xCongresses. _940171 |
|
| 650 | 0 |
_aNeural transmission _xCongresses. _940172 |
|
| 650 | 0 |
_aNervous system _xCongresses. _940173 |
|
| 650 | 0 |
_aNeuropsychopharmacology _xCongresses. _940174 |
|
| 830 | 0 |
_vv. 5. _940183 |
|
| 700 | 1 |
_aRoberts, Eugene, _d1920- _940176 |
|
| 700 | 1 |
_aChase, Thomas N. _q(Thomas Newell), _d1932- _940177 |
|
| 700 | 1 |
_aTower, Donald Bayley. _940178 |
|
| 710 | 2 |
_aCity of Hope National Medical Center (U.S.) _940179 |
|
| 710 | 2 |
_aNational Institute of Neurological and Communicative Disorders and Stroke. _940180 |
|
| 710 | 2 |
_aKroc Foundation. _940181 |
|
| 830 | 0 |
_aKroc Foundation series ; _940184 |
|
| 942 |
_2ddc _cBK |
||
| 999 |
_c12895 _d12895 |
||